000 00376nam a22001217a 4500
999 _c15102
_d15102
008 200304b ||||| |||| 00| 0 eng d
100 _941828
_aPorcalla, Delon.
245 _a'Integrated Cancer Law to benefit poor patients/
_cDelon Porcalla.
260 _aPhilippines;
_bThe Philippine Star,
_c©2019.
300 _apage 7;
_c29.5cm.
650 _aLaw.
_941829
942 _2ddc
_cPER